000 00693nam a2200121Ia 4500
008 220615s9999||||xx |||||||||||||| ||und||
100 _aWahbi, Ammar||Heng, Lee||Dercon, Gerd
245 0 _aCosmic Ray Neutron Sensing: Estimation of Agricultural Crop Biomass Water Equivalent
546 _aEnglish[eng]
650 _aEarth Science||Soil Management||Water Management||Crop Nutrition||Nuclear||CRNS||Biomass Water Equivalent||Remote Sensing||Satellite Imagery
856 _uhttps://library.oapen.org/bitstream/20.500.12657/27688/1/1002318.pdf||https://library.oapen.org/bitstream/20.500.12657/27688/1/1002318.pdf||https://library.oapen.org/bitstream/20.500.12657/27688/1/1002318.pdf
942 _cEB
999 _c11057
_d11057